[Event "AUT-ch U08"]
[Site "Linz"]
[Date "2013.05.31"]
[Round "1"]
[White "Ortner, Samuel"]
[Black "Lauer, Lukas"]
[Result "1-0"]
[WhiteElo "1031"]
[BlackElo "800"]
[PlyCount "32"]
[EventDate "2013.05.31"]
[EventType "swiss"]
[EventRounds "7"]
[EventCountry "AUT"]
[SourceTitle "EXT 2015"]
[Source "ChessBase"]
[SourceDate "2014.11.20"]
[SourceVersion "1"]
[SourceVersionDate "2014.11.20"]
[SourceQuality "1"]

1. e4 e5 2. Nf3 Qf6 3. Bc4 Bc5 4. d3 g5 5. Bxg5 Qf4 6. Bxf4 exf4 7. Ng5 Nf6 8. Bxf7+ Kf8 9. Qf3 h6 10. Nh3 Kxf7 11. 0-0 b6 12. Qxf4 Rg8 13. e5 d6 14. Qxf6+ Ke8 15. Qxh6 Bb7 16. g3 dxe5 1-0